000 00725nam a22002297a 4500
003 DO-SdBNP
005 20221010104312.0
007 ta
008 110301s2021 dr 000 p spa d
020 _a9789945920673
040 _aDO-SdBNP
_bspa
_cBNPHU
082 4 _axxxx
_bJ614s
100 1 _aJiménez, Ramón Roberto
_953018
_d1958-
245 1 0 _aSonetos de campana /
_cRamón Roberto Jiménez ; prólogo Rita Díaz Blanco
260 _aSanto Domingo :
_bEdiciones Enriquillo,
_c2021.
300 _a119 p. :
_c22 cm.
500 _aIncluye datos biográficos del autor en la contraportada.
590 _aInventariado, 2022/ YL
700 1 2 _aDíaz Blanco, Rita
_eprol.
_978109
910 _aYLockward
942 _2ddc
_cLBS1
999 _c52538
_d52538